[Event "Titled Tuesday intern op 06th Dec Late"]
[Site "Chess.com INT"]
[Date "2022.12.06"]
[Round "3"]
[White "Dos Santos, Lucas Aparecido"]
[Black "Rosenthal, Nicholas"]
[Result "0-1"]
[WhiteElo "2072"]
[BlackElo "2101"]
[PlyCount "54"]
[EventDate "2022.12.06"]
[EventType "swiss (blitz)"]
[EventRounds "11"]
[EventCountry "USA"]
[SourceTitle "CBM 211 Extra"]
[Source "ChessBase"]
[SourceDate "2023.01.31"]
[SourceVersion "1"]
[SourceVersionDate "2023.01.31"]
[SourceQuality "1"]

1. e4 e6 2. d4 d5 3. e5 c5 4. c3 Nc6 5. Nf3 Bd7 6. a3 c4 7. Be2 Na5 8. Nbd2 Ne7 9. 0-0 Nc8 10. Qe1 Be7 11. Bd1 g5 12. h3 Qc7 13. Bc2 Nb6 14. Qe2 h5 15. Ne1 g4 16. hxg4 hxg4 17. Qxg4 0-0-0 18. f4 Rdg8 19. Qf3 Bh4 20. b4 cxb3 21. Nxb3 Nxb3 22. Bxb3 Bg3 23. a4 Qd8 24. Rf2 Qh4 25. Kf1 Bxf2 26. Qxf2 Rg3 27. a5 Bb5+ 0-1

[Event "Titled Tuesday intern op 06th Dec Late"]
[Site "Chess.com INT"]
[Date "2022.12.06"]
[Round "1"]
[White "Gatterer, Florian"]
[Black "Rosenthal, Nicholas"]
[Result "1/2-1/2"]
[WhiteElo "2175"]
[BlackElo "2101"]
[PlyCount "43"]
[EventDate "2022.12.06"]
[EventType "swiss (blitz)"]
[EventRounds "11"]
[EventCountry "USA"]
[SourceTitle "CBM 211 Extra"]
[Source "ChessBase"]
[SourceDate "2023.01.31"]
[SourceVersion "1"]
[SourceVersionDate "2023.01.31"]
[SourceQuality "1"]

1. b3 e5 2. Bb2 Nc6 3. e3 Nf6 4. Nf3 d6 5. d4 exd4 6. Nxd4 Nxd4 7. Qxd4 Be7 8. Nc3 0-0 9. 0-0-0 Re8 10. Nd5 Be6 11. Nxe7+ Qxe7 12. h3 d5 13. Bd3 c5 14. Qh4 c4 15. Bxf6 Qxf6 16. Qxf6 gxf6 17. Be2 b5 18. Bf3 Red8 19. Rd4 a5 20. Rhd1 cxb3 21. cxb3 a4 22. Kb2 1/2-1/2

[Event "Titled Tuesday intern op 06th Dec Late"]
[Site "Chess.com INT"]
[Date "2022.12.06"]
[Round "8"]
[White "Rosenthal, Nicholas"]
[Black "Bortnyk, Olexandr"]
[Result "1-0"]
[WhiteElo "2101"]
[BlackElo "2604"]
[PlyCount "89"]
[EventDate "2022.12.06"]
[EventType "swiss (blitz)"]
[EventRounds "11"]
[EventCountry "USA"]
[SourceTitle "CBM 211 Extra"]
[Source "ChessBase"]
[SourceDate "2023.01.31"]
[SourceVersion "1"]
[SourceVersionDate "2023.01.31"]
[SourceQuality "1"]

1. e4 Nf6 2. Nc3 d5 3. exd5 Nxd5 4. d4 Nxc3 5. bxc3 g6 6. Nf3 Bg7 7. Bc4 0-0 8. 0-0 c5 9. Rb1 Qc7 10. Qe2 cxd4 11. cxd4 Nc6 12. Be3 Bg4 13. Rfd1 Rac8 14. h3 Bxf3 15. Qxf3 a6 16. Bd5 b5 17. c4 bxc4 18. Bxc4 Nxd4 19. Bxd4 Qxc4 20. Bxg7 Kxg7 21. Rb7 e5 22. Rd6 Qxa2 23. Qf6+ Kg8 24. Rxa6 Qd5 25. Re7 e4 26. Rd6 Qc4 27. Kh2 Rce8 28. Rdd7 Qa2 29. h4 Rxe7 30. Rxe7 Qd5 31. g3 h5 32. Re5 Qd4 33. Qf4 f5 34. Re7 Rf7 35. Re8+ Kg7 36. Kg2 Qd5 37. Kg1 Qd1+ 38. Kg2 Qd5 39. Qb8 e3+ 40. Kh2 exf2 41. Rg8+ Kf6 42. Qb2+ Ke7 43. Qxf2 Qd6 44. Qe3+ Kd7 45. Qe8+ 1-0

[Event "US op 121st"]
[Site "Cherry Hill"]
[Date "2021.08.07"]
[Round "8"]
[White "Niemann, Hans Moke"]
[Black "Rosenthal, Nicholas"]
[Result "1-0"]
[WhiteElo "2606"]
[BlackElo "2137"]
[PlyCount "59"]
[EventDate "2021.07.31"]
[EventType "swiss"]
[EventRounds "9"]
[EventCountry "USA"]
[SourceTitle "CBM 203 Extra"]
[Source "ChessBase"]
[SourceDate "2021.09.30"]
[SourceVersion "1"]
[SourceVersionDate "2021.09.30"]
[SourceQuality "1"]

1. d4 e6 2. c4 d5 3. Nf3 c6 4. e3 f5 5. Be2 Nf6 6. 0-0 Bd6 7. b3 Qe7 8. a4 0-0 9. Ba3 Nbd7 10. Bxd6 Qxd6 11. a5 f4 12. exf4 Qxf4 13. Nc3 Qd6 14. Re1 Ne4 15. Qc2 Ndf6 16. Bd3 Nxc3 17. Qxc3 Ng4 18. Bc2 Bd7 19. h3 Rxf3 20. Qxf3 Qh2+ 21. Kf1 Nxf2 22. Kxf2 g6 23. Rh1 Qd6 24. c5 Qe7 25. Qe3 Qh4+ 26. g3 Qh5 27. Kg2 e5 28. Qxe5 Qh6 29. Qf4 Qh5 30. Bd1 1-0

[Event "Titled Tuesday intern op 1st Oct"]
[Site "Chess.com INT"]
[Date "2019.10.01"]
[Round "6"]
[White "Rosenthal, Nicholas"]
[Black "Reprintsev, Alexander"]
[Result "1-0"]
[WhiteElo "2159"]
[BlackElo "2353"]
[PlyCount "49"]
[EventDate "2019.10.01"]
[EventType "swiss (blitz)"]
[EventRounds "10"]
[EventCountry "USA"]
[SourceTitle "EXT 2021"]
[Source "ChessBase"]
[SourceDate "2020.10.23"]
[SourceVersion "1"]
[SourceVersionDate "2020.10.23"]
[SourceQuality "1"]

1. e4 d5 2. exd5 Qxd5 3. Nc3 Qa5 4. d4 Nf6 5. Bd2 Bg4 6. Be2 Bxe2 7. Qxe2 e6 8. Nf3 Nbd7 9. a3 Be7 10. h3 0-0-0 11. 0-0 h6 12. b4 Qf5 13. Be3 g5 14. d5 Nxd5 15. Nxd5 Qxd5 16. Bxa7 Bf6 17. Rad1 Qc6 18. Be3 Nb6 19. Ne5 Bxe5 20. Bxb6 f6 21. Be3 Qe4 22. Qb5 Rxd1 23. Rxd1 Qxc2 24. Qd7+ Kb8 25. Qd8+ 1-0

[Event "Titled Tuesday intern op 1st Oct"]
[Site "Chess.com INT"]
[Date "2019.10.01"]
[Round "8"]
[White "Rosenthal, Nicholas"]
[Black "Yanchenko, Roman"]
[Result "0-1"]
[WhiteElo "2159"]
[BlackElo "2454"]
[PlyCount "106"]
[EventDate "2019.10.01"]
[EventType "swiss (blitz)"]
[EventRounds "10"]
[EventCountry "USA"]
[SourceTitle "EXT 2021"]
[Source "ChessBase"]
[SourceDate "2020.10.23"]
[SourceVersion "1"]
[SourceVersionDate "2020.10.23"]
[SourceQuality "1"]

1. e4 e6 2. d3 d5 3. Qe2 Nf6 4. Nf3 c5 5. g3 Nc6 6. Bg2 Be7 7. 0-0 0-0 8. c3 b6 9. e5 Nd7 10. h4 Ba6 11. Bf4 Re8 12. h5 h6 13. Nbd2 Nf8 14. Rfe1 Rc8 15. a3 Nh7 16. Nf1 Ng5 17. N1h2 Nxf3+ 18. Nxf3 Na5 19. Rad1 d4 20. c4 b5 21. Nd2 bxc4 22. dxc4 Rb8 23. Qg4 Kh8 24. Be4 Rxb2 25. Bd3 Bb7 26. Rb1 Rb6 27. Ne4 Bxe4 28. Bxe4 Nxc4 29. Bd3 Qd5 30. Rbc1 Nb2 31. Be4 Qd7 32. Red1 c4 33. Rd2 Bxa3 34. Be3 d3 35. Qf3 Rc8 36. Bxh6 Bf8 37. Bg5 c3 38. Rxd3 Nxd3 39. Bxd3 Qd4 40. h6 Qxe5 41. Bf4 Qf6 42. hxg7+ Bxg7 43. Qh5+ Kg8 44. Qh7+ Kf8 45. Rc2 Rb1+ 46. Kg2 e5 47. Be3 Rb2 48. Kg1 Rxc2 49. Bxc2 a5 50. Qe4 Qd6 51. Qa4 Bh6 52. Bxh6+ Qxh6 53. Kg2 Qc6+ 0-1

[Event "Titled Tuesday intern op 1st Oct"]
[Site "Chess.com INT"]
[Date "2019.10.01"]
[Round "1"]
[White "Tsiolakidis, Anastasios"]
[Black "Rosenthal, Nicholas"]
[Result "1-0"]
[WhiteElo "2298"]
[BlackElo "2159"]
[PlyCount "65"]
[EventDate "2019.10.01"]
[EventType "swiss (blitz)"]
[EventRounds "10"]
[EventCountry "USA"]
[SourceTitle "EXT 2021"]
[Source "ChessBase"]
[SourceDate "2020.10.23"]
[SourceVersion "1"]
[SourceVersionDate "2020.10.23"]
[SourceQuality "1"]

1. d4 e6 2. c4 d5 3. Nf3 f5 4. Bg5 Nf6 5. Nc3 c6 6. Qb3 Bd6 7. Ne5 Nbd7 8. f4 0-0 9. 0-0-0 Qa5 10. e3 Ne4 11. cxd5 exd5 12. Nxe4 fxe4 13. g4 Bxe5 14. fxe5 b5 15. h4 Nb6 16. Be2 Rf2 17. Rhe1 Nc4 18. h5 Rxe2 19. Rxe2 Bxg4 20. Rg2 Bxd1 21. Qxd1 Qxa2 22. Qg4 Qa1+ 23. Kc2 Qxb2+ 24. Kd1 Qb1+ 25. Ke2 Qc2+ 26. Kf1 Rf8+ 27. Kg1 Qc1+ 28. Kh2 Rf1 29. Qe6+ Rf7 30. Bf6 g6 31. hxg6 hxg6 32. Rxg6+ Kf8 33. Qc8# 1-0

[Event "US Masters op"]
[Site "Greensboro"]
[Date "2019.08.21"]
[Round "1"]
[White "Rosenthal, Nicholas"]
[Black "Sheng, Joshua"]
[Result "0-1"]
[WhiteElo "2120"]
[BlackElo "2483"]
[PlyCount "62"]
[EventDate "2019.08.21"]
[EventType "swiss"]
[EventRounds "9"]
[EventCountry "USA"]
[SourceTitle "EXT 2020"]
[Source "ChessBase"]
[SourceDate "2019.10.17"]
[SourceVersion "1"]
[SourceVersionDate "2019.10.17"]
[SourceQuality "1"]

1. e4 c5 2. Nf3 e6 3. d3 Nc6 4. g3 d5 5. Nbd2 Bd6 6. Bg2 Nge7 7. 0-0 0-0 8. Re1 Qc7 9. h4 Bd7 10. Qe2 f6 11. Nf1 Rae8 12. h5 Nd4 13. Qd1 Nxf3+ 14. Bxf3 d4 15. Nh2 f5 16. Bg2 f4 17. g4 Nc6 18. Nf3 e5 19. Nd2 Qd8 20. f3 g6 21. hxg6 h5 22. gxh5 Qh4 23. Kf1 Qxh5 24. Ke2 Qh2 25. Rg1 Rf6 26. Qf1 Rxg6 27. Nc4 Bh3 28. Qf2 Bxg2 29. Nxd6 Ree6 30. Nf5 Bxf3+ 31. Kf1 Be2+ 0-1

[Event "PRO League Stage"]
[Site "Chess.com INT"]
[Date "2019.02.07"]
[Round "5"]
[White "Rosenthal, Nicholas"]
[Black "Moranda, Wojciech"]
[Result "0-1"]
[WhiteElo "2180"]
[BlackElo "2593"]
[PlyCount "100"]
[EventDate "2019.01.08"]
[EventType "team-swiss (rapid)"]
[EventRounds "10"]
[EventCountry "USA"]
[SourceTitle "CBM 189 Extra"]
[Source "ChessBase"]
[SourceDate "2019.06.03"]
[SourceVersion "1"]
[SourceVersionDate "2019.06.03"]
[SourceQuality "1"]
[WhiteTeam "Saint Louis Arch Bishops"]
[BlackTeam "New York Marshalls"]
[WhiteTeamCountry "USA"]
[BlackTeamCountry "USA"]

1. e4 c5 2. Nf3 e6 3. d3 Nc6 4. g3 d5 5. Nbd2 Nf6 6. Bg2 Be7 7. 0-0 b6 8. Re1 Bb7 9. c3 Qc7 10. a3 h6 11. Qc2 0-0 12. Nf1 c4 13. dxc4 dxe4 14. N3d2 Ne5 15. Nxe4 Nxe4 16. Bxe4 Nf3+ 17. Bxf3 Bxf3 18. Bf4 Qb7 19. Nd2 Bc6 20. b4 Rac8 21. Rad1 Rfd8 22. Nf1 Rxd1 23. Rxd1 Bf3 24. Rd4 Bf6 25. Rd6 g5 26. Be3 Bh1 27. f4 Rxc4 28. fxg5 hxg5 29. Bd4 Bxd4+ 30. Rxd4 Rxd4 31. cxd4 Be4 32. Qc1 Qd5 33. Qe3 Qf5 34. Nd2 Bd5 35. Nf1 f6 36. Nd2 Qc2 37. Kf2 Qd1 38. Qe2 Qh1 39. Qh5 Qg2+ 40. Ke3 Kg7 41. Kd3 Bc6 42. Kc2 Ba4+ 43. Kc3 Qc6+ 44. Kd3 Bb5+ 45. Ke3 Qc3+ 46. Kf2 Qxd2+ 47. Kg1 Qe1+ 48. Kg2 Bc6+ 49. Kh3 Qf1+ 50. Kg4 Bf3# 0-1

[Event "Titled Tuesday intern op 2nd Febr"]
[Site "Chess.com INT"]
[Date "2019.02.05"]
[Round "1"]
[White "Oparina, Karina"]
[Black "Rosenthal, Nicholas"]
[Result "1-0"]
[WhiteElo "2199"]
[BlackElo "2180"]
[PlyCount "161"]
[EventDate "2019.02.05"]
[EventType "swiss (blitz)"]
[EventRounds "10"]
[EventCountry "USA"]
[SourceTitle "EXT 2021"]
[Source "ChessBase"]
[SourceDate "2020.10.23"]
[SourceVersion "1"]
[SourceVersionDate "2020.10.23"]
[SourceQuality "1"]

1. Nf3 e6 2. g3 Nf6 3. Bg2 d5 4. c4 Be7 5. 0-0 0-0 6. d4 c6 7. Nc3 Re8 8. Nd2 Nbd7 9. e4 dxe4 10. Ndxe4 Nxe4 11. Nxe4 Nf6 12. Nxf6+ Bxf6 13. Be3 Qc7 14. Qc2 Bd7 15. Rac1 e5 16. d5 b6 17. dxc6 Bxc6 18. Bxc6 Qxc6 19. c5 b5 20. b4 a5 21. a3 axb4 22. axb4 h5 23. Rfd1 Be7 24. Qf5 h4 25. Qxe5 hxg3 26. hxg3 Ra4 27. Qd5 Qxd5 28. Rxd5 Rxb4 29. c6 Rc8 30. c7 Kf8 31. Bc5 Bxc5 32. Rd8+ Ke7 33. Rxc8 Bb6 34. Rb8 Bxc7 35. Rxc7+ Kf6 36. Rcb7 Ra4 37. Rxb5 Kg6 38. R8b6+ f6 39. Kg2 Kh6 40. Rc5 Ra1 41. Rc7 Rd1 42. Rbb7 g6 43. Rf7 f5 44. Rf6 f4 45. Rbb6 Kh5 46. Rxg6 f3+ 47. Kxf3 Rd3+ 48. Kg2 Rd2 49. Rh6+ Kg5 50. Rbg6+ Kf5 51. Rg8 Ra2 52. Rh4 Ra3 53. Rf4+ Ke5 54. Re8+ Kd5 55. Rf3 Ra1 56. Rd3+ Kc4 57. Rd7 Kc5 58. Rc8+ Kb6 59. Rd2 Kb7 60. Rc3 Rb1 61. g4 Rb5 62. f4 Rb4 63. Kg3 Rb1 64. g5 Rg1+ 65. Kf3 Rf1+ 66. Ke4 Re1+ 67. Kf5 Rb1 68. g6 Rb5+ 69. Kg4 Rb1 70. f5 Ka6 71. f6 Rb4+ 72. Kg5 Rb5+ 73. Kh6 Rb1 74. Kg7 Ka7 75. f7 Rb7 76. Kg8 Rb6 77. g7 Rb1 78. f8Q Kb7 79. Qc8+ Kb6 80. Qb8+ Ka5 81. Ra2# 1-0

[Event "Titled Tuesday intern op 2nd Febr"]
[Site "Chess.com INT"]
[Date "2019.02.05"]
[Round "6"]
[White "Rosenthal, Nicholas"]
[Black "Colijn, Stefan"]
[Result "1-0"]
[WhiteElo "2180"]
[BlackElo "2312"]
[PlyCount "81"]
[EventDate "2019.02.05"]
[EventType "swiss (blitz)"]
[EventRounds "10"]
[EventCountry "USA"]
[SourceTitle "EXT 2021"]
[Source "ChessBase"]
[SourceDate "2020.10.23"]
[SourceVersion "1"]
[SourceVersionDate "2020.10.23"]
[SourceQuality "1"]

1. e4 c5 2. Nf3 Nc6 3. Bb5 g6 4. 0-0 Bg7 5. c3 e6 6. d4 cxd4 7. cxd4 d5 8. e5 h6 9. b3 Nge7 10. Ba3 0-0 11. Qd2 Bd7 12. Nc3 Re8 13. Rac1 Rc8 14. h3 Qa5 15. Bd6 Nf5 16. Bxc6 Rxc6 17. Bc5 Qd8 18. a4 b6 19. Ba3 a6 20. Qd3 Qa8 21. g4 Ne7 22. Ne2 Bf8 23. Nf4 Rec8 24. h4 Rxc1 25. Bxc1 Rxc1 26. Rxc1 b5 27. a5 b4 28. h5 Bb5 29. Qb1 g5 30. Nh3 Qd8 31. Kg2 Nc6 32. Kg3 Be7 33. Qc2 Qxa5 34. Ne1 Nxd4 35. Qc8+ Kg7 36. Rc7 Ne2+ 37. Kh2 Bf8 38. Qb7 Be8 39. Rc8 Qa1 40. Rxe8 Qxe1 41. Qb8 1-0

[Event "PRO League Stage"]
[Site "Chess.com INT"]
[Date "2019.01.08"]
[Round "1"]
[White "Royal, Shreyas"]
[Black "Rosenthal, Nicholas"]
[Result "0-1"]
[WhiteElo "1892"]
[BlackElo "2180"]
[PlyCount "66"]
[EventDate "2019.01.08"]
[EventType "team-swiss (rapid)"]
[EventRounds "10"]
[EventCountry "USA"]
[SourceTitle "CBM 188 Extra"]
[Source "ChessBase"]
[SourceDate "2019.02.26"]
[SourceVersion "1"]
[SourceVersionDate "2019.02.26"]
[SourceQuality "1"]
[WhiteTeam "London Lions"]
[BlackTeam "Saint Louis Arch Bishops"]
[WhiteTeamCountry "ENG"]
[BlackTeamCountry "USA"]

1. d4 e6 2. Nf3 d5 3. c4 c6 4. Qc2 f5 5. Bg5 Nf6 6. Nbd2 Be7 7. g3 0-0 8. Bxf6 Bxf6 9. Bg2 g6 10. 0-0 Nd7 11. Rac1 Bg7 12. Rfd1 Nf6 13. Ne5 Qd6 14. Ndf3 Ne4 15. c5 Qc7 16. b4 Bd7 17. Nd3 Be8 18. Nfe5 Nf6 19. f3 Nd7 20. Nxd7 Bxd4+ 21. Kh1 Qxd7 22. e4 fxe4 23. fxe4 Bg7 24. exd5 exd5 25. b5 g5 26. Nb4 Qg4 27. Qb3 Kh8 28. h3 Qh5 29. Re1 Bd7 30. Kh2 Bxh3 31. Bxh3 g4 32. Re7 Qxh3+ 33. Kg1 Bd4+ 0-1

[Event "Titled Tuesday intern op 4th Dec"]
[Site "Chess.com INT"]
[Date "2018.12.04"]
[Round "7"]
[White "Nebolsina, Vera"]
[Black "Rosenthal, Nicholas"]
[Result "1/2-1/2"]
[WhiteElo "2242"]
[BlackElo "2180"]
[PlyCount "143"]
[EventDate "2018.12.04"]
[EventType "swiss (blitz)"]
[EventRounds "10"]
[EventCountry "USA"]
[SourceTitle "EXT 2021"]
[Source "ChessBase"]
[SourceDate "2020.10.23"]
[SourceVersion "1"]
[SourceVersionDate "2020.10.23"]
[SourceQuality "1"]

1. e4 e6 2. d4 d5 3. exd5 exd5 4. Nf3 Nf6 5. Bd3 Bd6 6. Qe2+ Be6 7. Ng5 Qe7 8. Nxe6 Qxe6 9. 0-0 Qxe2 10. Bxe2 0-0 11. Nc3 c6 12. Bg5 Nbd7 13. Bh4 Rfe8 14. Bd3 Nh5 15. Ne2 g6 16. g4 Nf4 17. Nxf4 Bxf4 18. Bg3 Bxg3 19. hxg3 Re7 20. Kg2 Rae8 21. Rh1 Nf6 22. Rh4 Ne4 23. Rah1 f6 24. f3 Ng5 25. f4 Ne4 26. Bxe4 Rxe4 27. Rxh7 Re2+ 28. Kf1 Re1+ 29. Kf2 R8e2+ 30. Kf3 Rxh1 31. Rxh1 Rxc2 32. b3 Rxa2 33. Re1 Rb2 34. Re3 Kf7 35. g5 a5 36. gxf6 Kxf6 37. g4 b5 38. g5+ Kf7 39. Rc3 b4 40. Rxc6 Rxb3+ 41. Kg4 a4 42. Rc7+ Ke8 43. f5 gxf5+ 44. Kxf5 a3 45. Ra7 Rg3 46. g6 Rg2 47. g7 a2 48. Rxa2 Rxg7 49. Ra8+ Ke7 50. Ra7+ Kf8 51. Ra8+ Kf7 52. Ra7+ Kg8 53. Ra8+ Kh7 54. Rb8 Re7 55. Rxb4 Re4 56. Rb7+ Kh6 57. Rb6+ Kg7 58. Rb7+ Kf8 59. Rd7 Rxd4 60. Ke5 Rd1 61. Rxd5 Re1+ 62. Kd6 Kf7 63. Rf5+ Kg6 64. Re5 Rd1+ 65. Rd5 Rc1 66. Rc5 Rb1 67. Re5 Kf6 68. Re2 Rd1+ 69. Kc5 Rd3 70. Kc4 Rd8 71. Kc5 Kf5 72. Kc4 1/2-1/2

[Event "Titled Tuesday intern op 4th Dec"]
[Site "Chess.com INT"]
[Date "2018.12.04"]
[Round "9"]
[White "Rosenthal, Nicholas"]
[Black "Gavilan Diaz, Mario"]
[Result "1-0"]
[WhiteElo "2180"]
[BlackElo "2334"]
[PlyCount "153"]
[EventDate "2018.12.04"]
[EventType "swiss (blitz)"]
[EventRounds "10"]
[EventCountry "USA"]
[SourceTitle "EXT 2021"]
[Source "ChessBase"]
[SourceDate "2020.10.23"]
[SourceVersion "1"]
[SourceVersionDate "2020.10.23"]
[SourceQuality "1"]

1. e4 c5 2. Nf3 Nf6 3. e5 Nd5 4. c4 Nc7 5. Nc3 Nc6 6. d3 g6 7. Bf4 Bg7 8. Nd5 Ne6 9. Bg3 0-0 10. Be2 Ned4 11. Nxd4 Nxd4 12. 0-0 e6 13. Nc3 Nf5 14. f4 Ne3 15. Qd2 Nxf1 16. Rxf1 d6 17. Ne4 dxe5 18. fxe5 Qd4+ 19. Kh1 Bxe5 20. Qg5 f5 21. Bh5 Qxd3 22. Rd1 Qxe4 23. Re1 Bf6 24. Qh6 Bg7 25. Qg5 Qd4 26. Bf3 Qf6 27. Qd2 f4 28. Bf2 e5 29. Bxc5 Rd8 30. Qc3 Be6 31. Bxb7 Rab8 32. Be4 Rbc8 33. b4 a5 34. a3 axb4 35. axb4 Qh4 36. Rb1 f3 37. Qxf3 Bxc4 38. g3 Qf6 39. Qg2 Be6 40. Rf1 Qg5 41. h4 Qd2 42. Rf2 Qe1+ 43. Rf1 Qd2 44. Rf2 Qc1+ 45. Kh2 Rxc5 46. bxc5 Qxc5 47. Bf3 Rf8 48. Re2 Qc3 49. Be4 Qd4 50. Rd2 Qe3 51. Re2 Qc3 52. Rc2 Qa3 53. Rc6 Qe7 54. Rxe6 Qxe6 55. Bd5 Qxd5 56. Qxd5+ Kh8 57. Kh3 h5 58. Qe6 Kh7 59. g4 Rf3+ 60. Kg2 hxg4 61. Qxg4 Rf5 62. Kh3 Bf6 63. Qa4 Rh5 64. Qd7+ Kh6 65. Qd6 Rxh4+ 66. Kg3 Rf4 67. Qf8+ Kg5 68. Qg8 e4 69. Qd5+ Rf5 70. Qxe4 Be5+ 71. Kh3 Kf6 72. Qc6+ Kg5 73. Qc4 Rf4 74. Qe6 Rf5 75. Qe7+ Bf6 76. Qe4 Be5 77. Qh4# 1-0

[Event "Titled Tuesday intern op 1st May"]
[Site "Chess.com INT"]
[Date "2018.05.01"]
[Round "6"]
[White "Chigaev, Maksim"]
[Black "Rosenthal, Nicholas"]
[Result "1-0"]
[WhiteElo "2565"]
[BlackElo "2185"]
[PlyCount "61"]
[EventDate "2018.05.01"]
[EventType "swiss (blitz)"]
[EventRounds "10"]
[EventCountry "USA"]
[SourceTitle "EXT 2021"]
[Source "ChessBase"]
[SourceDate "2020.10.23"]
[SourceVersion "1"]
[SourceVersionDate "2020.10.23"]
[SourceQuality "1"]

1. e4 e6 2. d4 d5 3. Bd3 dxe4 4. Bxe4 Nf6 5. Bf3 c5 6. Ne2 cxd4 7. Qxd4 Qxd4 8. Nxd4 Be7 9. Nb5 Na6 10. N1c3 0-0 11. Bf4 Bb4 12. 0-0-0 h6 13. a3 Be7 14. h3 Nd7 15. Bxb7 Bxb7 16. Rxd7 Bg5 17. Bxg5 Bc8 18. Rxa7 Rxa7 19. Nxa7 hxg5 20. Nxc8 Rxc8 21. Rd1 Nc5 22. b4 Na6 23. Kb2 Nc7 24. Kb3 e5 25. Nd5 Kf8 26. Nxc7 Rxc7 27. b5 Ke7 28. a4 f5 29. b6 Rc6 30. a5 e4 31. b7 1-0

[Event "Titled Tuesday intern op 1st May"]
[Site "Chess.com INT"]
[Date "2018.05.01"]
[Round "5"]
[White "Seliverstov, Vladimir"]
[Black "Rosenthal, Nicholas"]
[Result "0-1"]
[WhiteElo "2462"]
[BlackElo "2185"]
[PlyCount "106"]
[EventDate "2018.05.01"]
[EventType "swiss (blitz)"]
[EventRounds "10"]
[EventCountry "USA"]
[SourceTitle "EXT 2021"]
[Source "ChessBase"]
[SourceDate "2020.10.23"]
[SourceVersion "1"]
[SourceVersionDate "2020.10.23"]
[SourceQuality "1"]

1. d4 d5 2. Bf4 e6 3. e3 c6 4. c4 Nf6 5. Nc3 Be7 6. Nf3 0-0 7. Qc2 Re8 8. a3 Nbd7 9. Rd1 a5 10. Bd3 dxc4 11. Bxc4 b5 12. Bd3 b4 13. axb4 axb4 14. Ne4 Qb6 15. Nd6 b3 16. Qd2 Nh5 17. Nxe8 Bb4 18. Bc7 Bxd2+ 19. Nxd2 Qb4 20. Bd6 Qa5 21. 0-0 Qd8 22. Nc7 Ra7 23. Nxb3 Rxc7 24. Bxc7 Qxc7 25. Rc1 g6 26. Rc3 Nhf6 27. Rfc1 Bb7 28. Nc5 Nd5 29. Ra3 Nxc5 30. Rxc5 Qb6 31. Ra1 Kg7 32. h3 Nb4 33. Bf1 Ba6 34. Bxa6 Nxa6 35. Rc2 Nb4 36. Rc3 Nd5 37. Rc2 h5 38. Rac1 h4 39. Rxc6 Qxb2 40. R6c2 Qb3 41. Re2 Qd3 42. Ree1 Nf6 43. Red1 Qf5 44. Rd2 Ne4 45. Rb2 g5 46. Rc7 g4 47. hxg4 Qxg4 48. f3 Qg3 49. Rbb7 Qe1+ 50. Kh2 Qg3+ 51. Kg1 Ng5 52. Kf1 h3 53. gxh3 Qxf3+ 0-1

[Event "PRO League Stage"]
[Site "Chess.com INT"]
[Date "2018.03.07"]
[Round "9"]
[White "Brattain, Mika A"]
[Black "Rosenthal, Nicholas"]
[Result "1-0"]
[WhiteElo "2404"]
[BlackElo "2169"]
[PlyCount "69"]
[EventDate "2018.01.18"]
[EventType "team-swiss (rapid)"]
[EventRounds "9"]
[EventCountry "USA"]
[SourceTitle "EXT 2019"]
[Source "ChessBase"]
[SourceDate "2018.10.10"]
[SourceVersion "1"]
[SourceVersionDate "2018.10.10"]
[SourceQuality "1"]
[WhiteTeam "Pittsburgh Pawngrabbers"]
[BlackTeam "Miami Champions"]
[WhiteTeamCountry "USA"]
[BlackTeamCountry "USA"]

1. d4 e6 2. Nf3 d5 3. c4 c6 4. Qc2 Nf6 5. Nbd2 Nbd7 6. g3 Be7 7. Bg2 0-0 8. 0-0 b6 9. b3 a5 10. Bb2 Bb7 11. e4 b5 12. c5 Nxe4 13. Nxe4 dxe4 14. Qxe4 Nf6 15. Qe2 Nd5 16. Ne5 Bf6 17. a4 bxa4 18. Rxa4 Ba6 19. Nc4 Bb5 20. Ra3 Qc7 21. Rfa1 Rfb8 22. Qd2 a4 23. Nd6 Be7 24. Nxb5 cxb5 25. bxa4 b4 26. Rb3 Qb7 27. a5 Bd8 28. a6 Rxa6 29. Rxa6 Qxa6 30. Bxd5 exd5 31. Rxb4 Ra8 32. Qf4 Qe2 33. Qe5 Qd1+ 34. Kg2 Ba5 35. Rb8+ 1-0